Score 0/6 Timer 03:00
0 Plays Today
% Correct
Freetown
86.1%
Bo
83.3%
Kenema
75%
Bonthe
75%
Yele
52.8%
Mattru Jong
47.2%
Remove Ads.
Support Sporcle.
Get the best of Sporcle when you Go Orange. This ad-free experience offers more features, more stats, and more fun while also helping to support Sporcle. Thank you for becoming a member.

You're not logged in!

Compare scores with friends on all Sporcle quizzes.
OR
Log In

Show Comments

Extras

Created Sep 5, 2017ReportNominate
Tags:Africa Quiz, Sierra Leone

Top Quizzes Today


Score Distribution

Your Account Isn't Verified!

In order to create a playlist on Sporcle, you need to verify the email address you used during registration. Go to your Sporcle Settings to finish the process.

Report this User

Report this user for behavior that violates our Community Guidelines.

Details: